Every EToH Tower Easiest to Hardest - Statistics

General Stats
  • This quiz has been taken 47 times
    40 since last reset
  • The average score is 74 of 436
Answer Stats
Area Difficulty Tower % Correct
Purgatorio Easy (1.00) Tower of Genesis
96%
Ring 2 Easy (1.07) Maybe A Tower
85%
Zone 3 Easy (1.05) Tower of Six Feet Under
85%
Ring 1 Easy (1.11) Not Even A Tower
81%
Garden of Eeshöl Easy (1.11) Steeple of Beginner's Journey
77%
Forgotten Ridge Easy (1.22) Steeple of Meaningless Decisions
69%
Ring 1 Easy (1.25) Tower of A Simple Time
65%
Zone 1 Easy (1.15) Tower of Zero Disturbances
65%
Ring 1 Easy (1.50) Tower of Anger
50%
Purgatorio Easy (1.48) Tower of Buttons
50%
Purgatorio Easy (1.46) Tower of Motion Evolution
50%
Steelspire Horizon Easy (1.43) Steeple of Zip Zap Pop!
46%
Pit of Misery Easy (1.84) Tower of Modernistic Design Choices
46%
Garden of Eeshöl Easy (1.54) Steeple of Devil's Snare
42%
Purgatorio Easy (1.93) Tower of Critical Damage
42%
Forgotten Ridge Easy (1.65) Tower of Jolly Good Fun
42%
Ring 1 Medium (2.12) Tower of Madness
42%
Steelspire Horizon Easy (1.86) Steeple of Golf Course
38%
Purgatorio Medium (2.00) Tower of Boost Mayhem
38%
Zone 3 Medium (2.07) Tower of Broken Bricks
38%
Zone 3 Easy (1.99) Tower of Overestimating Difficulty
38%
Zone 1 Easy (1.55) Tower of Peaceful Happiness and Tranquility
38%
Purgatorio Medium (2.24) Tower of Various Pressures
38%
Paradise Atoll Easy (1.54) Possibly A Tower
35%
Garden of Eeshöl Medium (2.32) Steeple of Infectious Foliage
35%
Paradise Atoll Easy (1.76) Steeple of Mystical Marine
35%
Zone 4 Easy (1.58) Tower of Fairly Simple Challenges
35%
Ring 3 Easy (1.70) Tower of Funny Thoughts
35%
Ring 3 Medium (2.09) Tower of Inverted Colours
35%
Ring 1 Medium (2.80) Tower of Noticeable Infuriation
35%
Ring 4 Easy (1.90) Tower of Spiralling Heights
35%
Arcane Area Medium (2.39) Steeple of Biome Traversing
31%
Ring 1 Hard (3.30) Tower of Hecc
31%
Ring 1 Hard (3.47) Tower of Killjoys
31%
Purgatorio Medium (2.54) Tower of Kinetic Potential
31%
Purgatorio Medium (2.70) Tower of No Strings Attached
31%
Ring 2 Medium (2.76) Tower of Phone Snapping
31%
Ring 8 Medium (2.38) Tower of Somewhat Simple Scaling
31%
Arcane Area Medium (2.44) Steeple of Astounding Sorcery
27%
Forgotten Ridge Medium (2.78) Steeple of Low Woe
27%
Garden of Eeshöl Medium (2.67) Steeple of Overgrowth
27%
Forgotten Ridge Medium (2.86) Steeple of Pursuit
27%
Purgatorio Hard (3.11) Tower Not Found
27%
Ring 3 Medium (2.62) Tower of Ancient Trickery
27%
Ring 2 Hard (3.40) Tower of Big Hole
27%
Ring 6 Hard (3.03) Tower of Friendly Jumps
27%
Ring 1 Intense (6.01) Tower of Impossible Expectations
27%
Ring 1 Difficult (4.10) Tower of Keyboard Yeeting
27%
Purgatorio Hard (3.00) Tower of Keys To Success
27%
Ring 1 Challenging (5.20) Tower of Screen Punching
27%
Ring 1 Difficult (4.88) Tower of Stress
27%
Steelspire Horizon Medium (2.55) Tower of Sunshower Lambent
27%
Pit of Misery Unreal (13.12) Citadel of Infinite Void
23%
Ring 1 Intense (6.50) Citadel of Laptop Splitting
23%
Garden of Eeshöl Intense (6.03) Steeple of Buoyant Automations
23%
Garden of Eeshöl Hard (3.16) Steeple of Overgrown Ascension
23%
Paradise Atoll Medium (2.74) Steeple of Undersea Voyage
23%
Zone 1 Medium (2.65) Tower of Atlantic Depths
23%
Ring 2 Difficult (4.00) Tower of Cold Hands
23%
Purgatorio Hard (3.62) Tower of Dancing All Night
23%
Ring 2 Challenging (5.80) Tower of Deep Darkness
23%
Ring 3 Medium (2.83) Tower of Deep Sighing
23%
Lost River Medium (2.89) Tower of Excessive Weirdness
23%
Ashen Towerworks Medium (2.66) Tower of Fruity Zeal
23%
Ring 4 Medium (2.84) Tower of Getting Gnomed
23%
Zone 7 Medium (2.75) Tower of Jazz
23%
Ring 2 Hard (3.96) Tower of Overcoming Hatred
23%
Zone 1 Hard (3.26) Tower of Peace
23%
Steelspire Horizon Medium (2.72) Tower of Quantum Rhythm
23%
Ring 1 Challenging (5.58) Tower of Rage
23%
Pit of Misery Unreal (13.24) Tower of Spiralling Fates
23%
Zone 2 Medium (2.68) Tower of Venomous Resonance
23%
Purgatorio Hard (3.55) Citadel of Victory
19%
Arcane Area Hard (3.36) Steeple of Atmospheric Powers
19%
Steelspire Horizon Difficult (4.65) Steeple of Bad Cable Management
19%
Silent Abyss Challenging (5.15) Steeple of Descendance
19%
Steelspire Horizon Challenging (5.23) Steeple of Dungeon Runner
19%
Garden of Eeshöl Hard (3.80) Steeple of Feudal Foliage
19%
Garden of Eeshöl Hard (3.70) Steeple of Greenhouse Placidity
19%
Garden of Eeshöl Hard (3.84) Steeple of Lost in Quiescence
19%
Garden of Eeshöl Medium (2.81) Steeple of Nightfall
19%
Silent Abyss Difficult (4.71) Steeple of Resort In Stasis
19%
Silent Abyss Difficult (4.87) Steeple of Ruinous Abate
19%
Forgotten Ridge Hard (3.74) Steeple of Uninstalling Roblox
19%
Garden of Eeshöl Difficult (4.01) Steeple of Various Vivariums
19%
Forgotten Ridge Difficult (4.57) Steeple of Wall Punching
19%
Zone 9 Difficult (4.95) Tower of Arrantly Bodeful Cavern Depths
19%
Zone 8 Extreme (9.00) Tower of Astral Eclipse
19%
Pit of Misery Unreal (13.00) Tower of Blind Fate
19%
Steelspire Horizon Hard (3.77) Tower of Calm Before The Storm
19%
Zone 10 Challenging (5.05) Tower of Clandestine Zones
19%
Zone 3 Medium (2.77) Tower of Client Object Frenzy
19%
Ring 3 Insane (8.94) Tower of Confusion
19%
Ring 9 Catastrophic (11.99) Tower of Cruel Punishment
19%
Ring 2 Insane (8.03) Tower of Difficulty Chart
19%
Zone 2 Insane (8.00) Tower of Double Trouble
19%
Zone 9 Challenging (5.14) Tower of Dusk To Dawn
19%
Ring 4 Hard (3.92) Tower of Elysium
19%
Ring 2 Challenging (5.61) Tower of Falling and Failing
19%
Steelspire Horizon Hard (3.10) Tower of Fly High
19%
Zone 4 Hard (3.29) Tower of Fun and Simple Trials
19%
Ring 8 Catastrophic (11.14) Tower of Generation Failure
19%
Zone 1 Hard (3.48) Tower of Hands Sweating
19%
Zone 3 Extreme (9.36) Tower of Hopeless Hell
19%
Forgotten Ridge Difficult (4.24) Tower of Immense Ire
19%
Ring 1 Insane (8.39) Tower of Infinity Gauntlet
19%
Lost River Difficult (4.86) Tower of Losing Our Zeal
19%
Zone 1 Hard (3.91) Tower of Mirrored Hecc
19%
Ring 5 Medium (2.85) Tower of Nice Views
19%
Garden of Eeshöl Intense (6.00) Tower of Perilous Antipode
19%
Zone 7 Hard (3.23) Tower of Rough Waters
19%
Zone 2 Medium (2.98) Tower of Slanted Anticipation
19%
Ring 3 Difficult (4.01) Tower of Slight Inconvenience
19%
Steelspire Horizon Medium (2.85) Tower of Steel and Thunder
19%
Steelspire Horizon Hard (3.85) Tower of Ten Floors Challenge
19%
Ring 4 Hard (3.60) Tower of Terrible Mondays
19%
Silent Abyss Challenging (5.42) Tower of There Is No Tower
19%
Pit of Misery Horrific (12.44) Tower of The Roof's Pique
19%
Ring 2 Challenging (5.71) Tower of Traps
19%
Forgotten Ridge Challenging (5.00) Tower of Triangular Covering
19%
Ring 1 Remorseless (7.09) Tower of True Skill
19%
Lost River Insane (8.19) Tower of Unsettling Heights
19%
Forgotten Ridge Difficult (4.64) Tower of Versatility
19%
Pit of Misery Horrific (12.25) Tower of Water Melon
19%
Steelspire Horizon Difficult (4.90) Tower of Weird Energy
19%
Pit of Misery Terrifying (10.27) Tower of Xerically Infuriating Calamity
19%
Zone 1 Difficult (4.92) Tower of Yearning Success
19%
Lost River Difficult (4.60) Citadel of Inside Situations
15%
Zone 3 Difficult (4.98) Citadel of Tricky Situations
15%
Ring 2 Remorseless (7.96) Citadel of Wacky Strategy
15%
Ring 7 Difficult (4.79) Far From A Surprising Tower
15%
Ring 5 Difficult (4.04) Likely A Tower
15%
Paradise Atoll Hard (3.94) Steeple of Abyssal Upturn
15%
Paradise Atoll Difficult (4.34) Steeple of Aquatic Rallies
15%
Forgotten Ridge Challenging (5.49) Steeple of Climbing
15%
Arcane Area Challenging (5.23) Steeple of Crystal Ascension
15%
Garden of Eeshöl Challenging (5.61) Steeple of Flourishing Wastelands
15%
Silent Abyss Challenging (5.66) Steeple of Guiding Lights
15%
Paradise Atoll Difficult (4.80) Steeple of Hallucinatory Spectacles
15%
Arcane Area Hard (3.17) Steeple of Realm Odyssey
15%
Steelspire Horizon Challenging (5.79) Steeple of Sunken Kingdoms
15%
Paradise Atoll Difficult (4.03) Steeple of Sunny Island Shenanigans
15%
Forgotten Ridge Remorseless (7.65) Steeple of Towering Pillars
15%
Arcane Area Difficult (4.15) Steeple of Twisted Crystals
15%
Paradise Atoll Hard (3.24) Steeple of Waterfall
15%
Forgotten Ridge Hard (3.61) This Is Probably A Tower
15%
Zone 1 Challenging (5.21) Tower of Absolute Vexation
15%
Zone 5 Terrifying (10.33) Tower of Alien Radiance
15%
Silent Abyss Difficult (4.99) Tower of Ancestral Interference
15%
Zone 4 Medium (2.95) Tower of Aquatic Contemplation
15%
Zone 4 Extreme (9.25) Tower of Astronomically Aimless Annoyances
15%
Zone 8 Difficult (4.78) Tower of A Tetromino Disaster
15%
Ring 9 Catastrophic (11.00) Tower of Augmented Misery
15%
Ring 9 Remorseless (7.03) Tower of Beat Block Berserk
15%
Ring 9 Insane (8.21) Tower of Bent Trauma
15%
Zone 10 Extreme (9.60) Tower of Blast Power
15%
Ring 9 Extreme (9.08) Tower of Bloodthirsty Kenos
15%
Zone 5 Difficult (4.75) Tower of Bright Serenity
15%
Paradise Atoll Hard (3.59) Tower of Call It A Day
15%
Ring 9 Catastrophic (11.71) Tower of Champion's Road
15%
Zone 3 Difficult (4.66) Tower of Cogs and Steam
15%
Zone 10 Terrifying (10.15) Tower of Complexity and Volatility
15%
Zone 6 Challenging (5.19) Tower of Conflicting Frontiers
15%
Zone 1 Difficult (4.46) Tower of Contractual Obligations
15%
Ashen Towerworks Difficult (4.23) Tower of Corner Wedge Climbing
15%
Zone 8 Hard (3.93) Tower of Cosmic Tides
15%
Zone 3 Hard (3.58) Tower of Cracked, Crushed Cubes
15%
Ring 9 Insane (8.46) Tower of Curved Ascent
15%
Zone 8 Catastrophic (11.36) Tower of Descent Into Exile
15%
Ring 3 Challenging (5.29) Tower of Despair
15%
Zone 7 Difficult (4.72) Tower of Destructive Fever
15%
Zone 3 Difficult (4.38) Tower of Dimensional Hopping
15%
Lost River Challenging (5.37) Tower of Diverging Layers
15%
Ring 5 Challenging (5.17) Tower of Downward Mobility
15%
Zone 2 Difficult (4.91) Tower of Dreams and Caverns
15%
Ring 4 Challenging (5.22) Tower of Dust and Decay
15%
Zone 4 Difficult (4.51) Tower of Elevator Travelling
15%
Ring 7 Catastrophic (11.85) Tower of Elongated Runs
15%
Ring 6 Difficult (4.40) Tower of Environmental Pain
15%
Ring 2 Remorseless (7.50) Tower of Eternal Suffering
15%
Pit of Misery Horrific (12.65) Tower of Eternal Void
15%
Ring 8 Extreme (9.95) Tower of Externalizing Insanity
15%
Ring 7 Insane (8.17) Tower of Extreme Hell
15%
Ring 3 Hard (3.54) Tower of Fatness
15%
Zone 6 Hard (3.64) Tower of Foreign Domains
15%
Zone 7 Terrifying (10.00) Tower of Fractured Memories
15%
Ring 9 Extreme (9.05) Tower of Frightening and Confusing Trials
15%
Ring 5 Terrifying (10.14) Tower of Frightening Nightmares
15%
Zone 8 Challenging (5.18) Tower of Galactic Voyage
15%
Steelspire Horizon Remorseless (7.33) Tower of Geometric Kinetics
15%
Zone 2 Hard (3.57) Tower of Ground Level Ascension
15%
Zone 7 Challenging (5.07) Tower of Growing Madness
15%
Ring 9 Insane (8.14) Tower of High Adrenaline
15%
Paradise Atoll Difficult (4.77) Tower of High Power
15%
Zone 9 Insane (8.88) Tower of Hollow Reformations
15%
Ring 5 Insane (8.57) Tower of Icy Blizzards
15%
Ring 6 Terrifying (10.10) Tower of Impossible Movement
15%
Ring 4 Terrifying (10.87) Tower of Inception
15%
Zone 4 Insane (8.45) Tower of Inevitable Failure
15%
Ring 9 Terrifying (10.50) Tower of Journey's End
15%
Ring 4 Difficult (4.70) Tower of Leaning Ledges
15%
The Starlit Archives Difficult (4.13) Tower of Lethean Recollection
15%
Ring 4 Difficult (4.50) Tower of Linonophobia
15%
Zone 10 Intense (6.99) Tower of Mach Nine
15%
Zone 8 Hard (3.76) Tower of Melons In Time
15%
Zone 6 Terrifying (10.33) Tower of Micro Management
15%
Zone 3 Difficult (4.59) Tower of Mild Agitation
15%
Forgotten Ridge Insane (8.36) Tower of Mind Breaking
15%
Ring 8 Hard (3.90) Tower of Needing Basic Aptitude
15%
Steelspire Horizon Intense (6.66) Tower of Nerves of Steel
15%
Ring 9 Terrifying (10.60) Tower of Nervous Sweating
15%
Zone 9 Extreme (9.16) Tower of Panelling Barricades
15%
Zone 5 Insane (8.72) Tower of Polychromatic Zero
15%
The Starlit Archives Difficult (4.96) Tower of Pursuit Led Astray
15%
Ring 6 Difficult (4.52) Tower of Radiant Realms
15%
Zone 10 Catastrophic (11.64) Tower of Raging Tempest
15%
Zone 10 Insane (8.81) Tower of Rain on My World
15%
Zone 3 Difficult (4.98) Tower of Requiring Critical Help
15%
Zone 10 Challenging (5.32) Tower of Resonant Landscapes
15%
Ring 5 Difficult (4.36) Tower of Rigid Success
15%
Zone 6 Difficult (4.67) Tower of Rock Climbing
15%
Zone 8 Insane (8.89) Tower of Rough Endoplasmic Reticulum
15%
Ring 7 Difficult (4.58) Tower of Rushed Building
15%
Ring 2 Challenging (5.84) Tower of Shattered Dreams
15%
Zone 5 Hard (3.40) Tower of Sovereign Traveling
15%
Steelspire Horizon Insane (8.33) Tower of Speeding Right Through
15%
Ring 6 Extreme (9.46) Tower of Strategic Mechanics
15%
Ring 8 Extreme (9.53) Tower of Suffering Outside
15%
Zone 9 Intense (6.01) Tower of Sugar Rush Deluxe
15%
Zone 5 Hard (3.91) Tower of Super Stupid Security Systems
15%
Zone 7 Hard (3.72) Tower of Sweet Victory
15%
Lost River Remorseless (7.00) Tower of Tallying Every Mistake
15%
Zone 10 Insane (8.99) Tower of Tee Hee Time
15%
Ring 7 Extreme (9.43) Tower of Terrifying Beauty
15%
Zone 6 Extreme (9.55) Tower of The Dripping Amalgam
15%
Zone 1 Insane (8.48) Tower of Thinning Layers
15%
Lost River Remorseless (7.01) Tower of Triple Jeopardy
15%
Ring 5 Hard (3.99) Tower of Trivial Resentment
15%
Zone 2 Difficult (4.05) Tower of Troublesome Adventures
15%
Ring 6 Challenging (5.45) Tower of Twisted Inquisition
15%
Lost River Hard (3.79) Tower of Two Sided Troubles
15%
Zone 2 Difficult (4.21) Tower of Unearthed Discoveries
15%
Zone 4 Hard (3.56) Tower of Up Is Down
15%
Pit of Misery Horrific (12.00) Tower of Vacant Hindrances
15%
Ashen Towerworks Hard (3.88) Tower of Viaduct Traversing
15%
Pit of Misery Catastrophic (11.04) Tower of Vindictive Manuevers
15%
Ring 4 Insane (8.59) Tower of Vivid Sections
15%
Ring 3 Difficult (4.37) Tower of Wall Hugging
15%
Ashen Towerworks Challenging (5.03) Tower of Wanting More Time
15%
Ashen Towerworks Extreme (9.39) Tower of Wicked Fortress
15%
Zone 4 Difficult (4.69) Tower of Wicked Wedges
15%
Zone 9 Terrifying (10.66) Tower of Wildly Wacky Wonders
15%
Ring 3 Hard (3.55) Tower of Winning Every Run
15%
Zone 3 Hard (3.81) Tower of Xanthophobia
15%
Zone 8 Difficult (4.96) Tower of X Madness
15%
The Starlit Archives Difficult (4.73) Tower of You're Late For Work
15%
Ring 4 Challenging (5.01) Will Be A Tower
15%
Zone 7 Remorseless (7.77) Citadel of A Cruel Tale
12%
Ring 5 Remorseless (7.57) Citadel of Contrasting Regions
12%
Zone 10 Remorseless (7.99) Citadel of Overcoming The World's Imperfections
12%
Zone 1 Remorseless (7.95) Citadel of Peril
12%
Ring 6 Remorseless (7.34) Citadel of Scythe Recognition
12%
Steelspire Horizon Intense (6.95) Citadel of Treachery
12%
Ring 7 Remorseless (7.66) Citadel of True Exasperation
12%
Garden of Eeshöl Challenging (5.79) Not Even A Flower
12%
Zone 1 Challenging (5.53) Somewhat A Tower
12%
The Starlit Archives Challenging (5.26) Steeple of After-Life Detention
12%
The Starlit Archives Remorseless (7.69) Steeple of Cheesy Vengeance
12%
Paradise Atoll Challenging (5.28) Steeple of Desolate Isles
12%
The Starlit Archives Remorseless (7.64) Steeple of Forlorn Blizzard
12%
Forgotten Ridge Intense (6.35) Steeple of Huge Pain
12%
Silent Abyss Intense (6.71) Steeple of Involuntary Isolation
12%
Arcane Area Difficult (4.81) Steeple of Magical Elements
12%
Silent Abyss Remorseless (7.45) Steeple of Malignant Blight
12%
Silent Abyss Remorseless (7.34) Steeple of Midnight Acropolis
12%
The Starlit Archives Challenging (5.92) Steeple of The Manufactured Monstrosity
12%
The Starlit Archives Challenging (5.89) Steeple of Two Minute Noodles
12%
Paradise Atoll Intense (6.54) Steeple of Underlying Breezes
12%
Silent Abyss Intense (6.02) Steeple of Wicked Grotto
12%
Arcane Area Challenging (5.81) Steeple of Witch Calamity
12%
Silent Abyss Challenging (5.90) Steeple of Xenial Abyss
12%
Ring 3 Intense (6.99) Totally A Tower
12%
The Starlit Archives Intense (6.57) Tower of A Disillusioned Existence
12%
Zone 9 Remorseless (7.70) Tower of Big Blocky Beefy Buttons
12%
Zone 9 Challenging (5.68) Tower of Bonus Level
12%
Zone 6 Challenging (5.38) Tower of Break It, Buy It
12%
Zone 5 Remorseless (7.61) Tower of Brutal and Bizarre Torment
12%
Zone 7 Difficult (4.49) Tower of Bygone Relic
12%
Ashen Towerworks Remorseless (7.06) Tower of Climactic Beats
12%
Ring 7 Challenging (5.46) Tower of Collective Collaboration
12%
Ring 4 Remorseless (7.95) Tower of Corrupted Nightmares
12%
Zone 3 Intense (6.46) Tower of Cruel and Unusual Punishment
12%
Zone 9 Catastrophic (11.42) Tower of Empty Meaningless Patterns
12%
Zone 1 Remorseless (7.12) Tower of Extreme Dystopia
12%
Zone 9 Remorseless (7.01) Tower of Eye Candy
12%
Steelspire Horizon Intense (6.30) Tower of Fixture Park
12%
Ring 5 Intense (6.05) Tower of Floral Fury
12%
Ashen Towerworks Remorseless (7.02) Tower of Forever-Sleeping Flower
12%
Zone 5 Difficult (4.52) Tower of Fractal Volution
12%
Zone 4 Remorseless (7.29) Tower of Funky Grooves
12%
Ring 5 Remorseless (7.05) Tower of Glitching and Healing
12%
Ring 9 Intense (6.49) Tower of Great Overcomings
12%
Zone 5 Intense (6.33) Tower of Heiwana Kaze
12%
Ring 4 Intense (6.45) Tower of Holy Flip
12%
Arcane Area Remorseless (7.03) Tower of Icy Adventures
12%
Zone 10 Challenging (5.63) Tower of Interstellar Terrarium
12%
Zone 9 Challenging (5.27) Tower of Latest Sensation
12%
Ring 3 Difficult (4.61) Tower of Lotsa Damage
12%
Zone 6 Remorseless (7.42) Tower of Massive Overheating
12%
Ring 8 Remorseless (7.69) Tower of Mean Tasks
12%
Ashen Towerworks Remorseless (7.79) Tower of Mechanical Disarray
12%
Zone 4 Intense (6.02) Tower of Mechanically Induced Mayhem
12%
Zone 9 Remorseless (7.75) Tower of Minus Facility
12%
Ring 6 Remorseless (7.10) Tower of Niflheim
12%
Ring 4 Remorseless (7.08) Tower of Nonsensical Platforms
12%
Zone 8 Remorseless (7.73) Tower of No Return
12%
Zone 9 Intense (6.73) Tower of Nothing New
12%
Zone 10 Remorseless (7.12) Tower of One Two Three Four
12%
Zone 8 Remorseless (7.04) Tower of Overbearing Vertigo
12%
Pit of Misery Terrifying (10.79) Tower of Overthinking Life Choices
12%
Ring 9 Remorseless (7.87) Tower of Pastel Pillars
12%
Zone 2 Challenging (5.62) Tower of Pleasant Fantasies
12%
Zone 10 Remorseless (7.86) Tower of Power Laws
12%
Ring 9 Remorseless (7.23) Tower of Questionable Trials
12%
Zone 1 Remorseless (7.19) Tower of Really Nasty Ideas
12%
Ashen Towerworks Remorseless (7.74) Tower of Rhythm Heaven
12%
Silent Abyss Intense (6.64) Tower of Shallow Waters
12%
Pit of Misery Catastrophic (11.66) Tower of Shunning Excursion
12%
Zone 5 Challenging (5.31) Tower of Stairs To Spare
12%
Ring 2 Intense (6.44) Tower of Table Flipping
12%
Silent Abyss Intense (6.90) Tower of Tenebrous Depths
12%
The Starlit Archives Intense (6.32) Tower of The Umbrella, The User
12%
Zone 8 Remorseless (7.38) Tower of Time and Space Manipulation
12%
Ring 5 Intense (6.46) Tower of Tokyo Heights
12%
Zone 4 Remorseless (7.98) Tower of Tornado Vehemence
12%
Paradise Atoll Intense (6.06) Tower of Traversing The Tropics
12%
Zone 1 Intense (6.58) Tower of Ultimately Terrifying
12%
Zone 7 Terrifying (10.76) Tower of Uncanny Agony
12%
Zone 7 Remorseless (7.71) Tower of Uncontrollable Ire
12%
Zone 5 Challenging (5.99) Tower of Unhealthy Escalation
12%
Zone 10 Challenging (5.95) Tower of Valiant Verges
12%
Ring 8 Challenging (5.25) Tower of Voluminous Framework
12%
Zone 9 Remorseless (7.92) Tower of Voyaging Into The Earth
12%
Ring 7 Remorseless (7.67) Tower of Yearning Victory
12%
Zone 5 Remorseless (7.94) Tower of Zany Architecture
12%
Zone 1 Remorseless (7.97) Tower of Zespluz
12%
Pit of Misery Terrifying (10.99) Was A Tower
12%
Ring 8 Intense (6.49) Citadel of Constant Heart Stopping
8%
Zone 2 Intense (6.39) Citadel of Green Stuff
8%
Ring 3 Intense (6.13) Citadel of Heights and Depths
8%
Zone 9 Remorseless (7.83) Citadel of Increasing Claustrophobia
8%
Ring 9 Remorseless (7.68) Citadel of Lethargy
8%
Zone 8 Remorseless (7.07) Citadel of Pyramid Escapades
8%
Zone 4 Remorseless (7.85) Citadel of Quadrilaterals
8%
Zone 6 Intense (6.06) Citadel of Twists and Weirdness
8%
Forgotten Ridge Intense (6.77) Citadel of Weird Nostalgia
8%
Ring 6 Intense (6.76) Fortunately Not A Tower
8%
The Final Stretch Eternal (??.00) Obelisk of Hell
8%
The Void's Farewell Eternal (??.99) Obelisk of Void
8%
The Starlit Archives Challenging (5.63) Steeple of Balloon Commune
8%
Paradise Atoll Challenging (5.83) Steeple of Cliffside Falls
8%
Paradise Atoll Intense (6.32) Steeple of Dusty Dunes
8%
The Starlit Archives Intense (6.40) Steeple of Itsy Bitsy
8%
Arcane Area Intense (6.22) Steeple of Magical Collaborations
8%
Paradise Atoll Challenging (5.78) Steeple of Upright Cliffs
8%
Ring 8 Challenging (5.75) Tower of Aamos' Anger
8%
Ring 6 Intense (6.12) Tower of A Depressing Future
8%
Zone 6 Challenging (5.54) Tower of Angled Scenery
8%
Zone 2 Intense (6.76) Tower of Arcanium Zenturing
8%
Zone 6 Remorseless (7.02) Tower of Astral Fusion
8%
Zone 6 Remorseless (7.56) Tower of Brief Challenges
8%
Zone 2 Remorseless (7.25) Tower of Chaotic Moments
8%
Lost River Intense (6.98) Tower of Compact Spaces
8%
Zone 7 Intense (6.48) Tower of Cone Mesh Climbing
8%
Paradise Atoll Challenging (5.76) Tower of Cyclonic Isles
8%
Zone 7 Challenging (5.61) Tower of Cylindrical Extensions
8%
Zone 4 Remorseless (7.13) Tower of Dance Dance Destruction
8%
Forgotten Ridge Intense (6.75) Tower of Dangerous Expeditions
8%
Ring 6 Intense (6.68) Tower of Dispersed Rooms
8%
Ring 7 Challenging (5.85) Tower of Distorted Aerodynamics
8%
Zone 10 Intense (6.79) Tower of Expecting The Unexpected
8%
Ring 5 Intense (6.12) Tower of Extraordinary Adventures
8%
Zone 2 Intense (6.49) Tower of Extraterrestrial Enchantment
8%
Zone 9 Intense (6.93) Tower of Falling Up
8%
Ring 7 Challenging (5.60) Tower of Feeling Lazy
8%
Zone 8 Challenging (5.96) Tower of Flame Restoration
8%
The Starlit Archives Remorseless (7.32) Tower of Fleeing From Everything Ending
8%
Ring 6 Intense (6.71) Tower of Flustering Sections
8%
Ring 5 Remorseless (7.31) Tower of Fractured Obstacles
8%
Zone 9 Intense (6.86) Tower of Furious Chicken Brawl
8%
Zone 2 Remorseless (7.17) Tower of Great Displeasure
8%
Zone 5 Intense (6.52) Tower of Guided Trials
8%
Zone 6 Intense (6.25) Tower of Hazardous Laddering
8%
Zone 6 Challenging (5.88) Tower of Hefty Magnitude
8%
Zone 5 Intense (6.33) Tower of Horrifying Experiences
8%
The Starlit Archives Remorseless (7.35) Tower of House Without Home
8%
Forgotten Ridge Intense (6.37) Tower of Increasing Stress
8%
The Starlit Archives Intense (6.36) Tower of Infiltrated Ruins
8%
Zone 3 Intense (6.32) Tower of Infuriating Obstacles
8%
Ring 6 Intense (6.30) Tower of Intense Solar Chaos
8%
Ashen Towerworks Intense (6.55) Tower of Largely Limited Luminance
8%
Zone 3 Challenging (5.56) Tower of Menacing Creations
8%
Ring 7 Remorseless (7.18) Tower of Never Ending Dizziness
8%
Zone 8 Intense (6.65) Tower of Never Ending Fun
8%
Ring 7 Intense (6.54) Tower of Never Giving Up, Ever
8%
Ring 4 Intense (6.97) Tower of Oblivion
8%
Ring 5 Challenging (5.72) Tower of Obvious Chaos
8%
Lost River Challenging (5.59) Tower of Odd Odyssey
8%
Zone 8 Intense (6.33) Tower of One Nine
8%
Ring 7 Intense (6.29) Tower of Orientating Oscillating Opinions
8%
Zone 10 Remorseless (7.52) Tower of Prismatic Instability
8%
Zone 4 Challenging (5.82) Tower of Pure Chroma
8%
Zone 3 Intense (6.18) Tower of Quirky Contraptions
8%
Ashen Towerworks Intense (6.08) Tower of Shadowy Radiance
8%
Zone 2 Challenging (5.74) Tower of Slipping and Sliding
8%
Zone 7 Intense (6.78) Tower of Swift and Precise Sections
8%
Zone 10 Remorseless (7.24) Tower of The Despondent Fortress
8%
Ring 7 Remorseless (7.55) Tower of Ultraviolet
8%
Ring 8 Intense (6.66) Tower of Uneasy Scaling
8%
Ring 8 Remorseless (7.56) Tower of Verdant Entropy
8%
Ring 8 Challenging (5.60) Tower of Vibrant Adventures
8%
Zone 1 Challenging (5.91) Tower of Wanting Extra Levels
8%
The Starlit Archives Intense (6.75) Tower of Warranted Retribution
8%
Zone 6 Intense (6.40) Tower of Watts
8%
Ashen Towerworks Intense (6.42) Tower of Whirl of Winds
8%
Ashen Towerworks Intense (6.26) Tower of Whisking It All
8%
Zone 7 Challenging (5.88) Tower of White Space
8%
Lost River Intense (6.74) Tower of Witchcraft and Wizardry
8%
Zone 7 Intense (6.27) Tower of Yore
8%
Zone 5 Intense (6.79) Citadel of Corporate Enterprise
4%
Ring 4 Intense (6.80) Citadel of Uneasiness
4%
Zone 5 Intense (6.96) Tower of Anticlimactic Outcomes
4%
Ring 8 Intense (6.99) Tower of Insanely Innovative Ideas
4%
Zone 8 Intense (6.78) Tower of Manic Lows
4%
Zone 4 Intense (6.80) Tower of Shifting Slopes
4%
Zone 2 Intense (6.98) Tower of Triangular Terror
4%
No matching quizzes found
Score Distribution
Percent of People with Each Score
Percentile by Number Answered
Your Score History
You have not taken this quiz since the last reset